00507nam a2200181Ia 4500003000400000005001700004008004100021020002900062040001700091082001900108100001400127245007300141250001100214260003700225300001400262650002900276700002000305IIN20250521113626.0231217s2021 xx d 000 0 eng d cRs.424.00a9789394624078 aIINbEnglish a610.7343 bBIR1 aBir, Usha1 aModel Answer of Community Health Nursing/cUsha Bir & Kasturi Mandal a2nd ed aKolkatabAnanda Publishersc2021 axv, 480p.1 aCommunity Health Nursing1 aMandal, Kasturi